Co to za flaga? #1 Lvl. Łatwy - Statystyki

Ogólne statystyki
  • Ten quiz został rozwiązany 5 763 razy
  • Średni wynik to 14 z 15
Statystyki odpowiedzi
Obrazkowy Odpowiedź % Poprawnych
Czechy
98%
Niemcy
98%
Ukraina
98%
Brazylia
97%
Rosja
97%
Chiny
96%
Japonia
95%
Polska
95%
Stany Zjednoczone
94%
Francja
93%
Kanada
93%
Hiszpania
92%
Szwecja
92%
Belgia
91%
Egipt
85%
Nie znaleziono quizów pasujących do podanych kryteriów
Rozkład punktacji
Procent ludzi z każdym wynikiem
Percentyl według liczby udzielonych odpowiedzi
Twoja historia wyników
Nie rozwiązałeś tego quizu